| Tag |
First Indicator |
Second Indicator |
Subfields |
| LEADER |
00000cam a22000004a 4500 |
| 001 |
in00004513113 |
| 005 |
20191204153716.0 |
| 008 |
040129s2005 pau b 001 0 eng |
| 010 |
|
|
|a 2004001938
|
| 016 |
7 |
|
|a 101204842
|2 DNLM
|
| 020 |
|
|
|a 080361229X (hardcover : alk. paper)
|
| 020 |
|
|
|a 9780803612297 (hardcover : alk. paper)
|
| 035 |
|
|
|a (OCoLC)ocm54365173
|
| 035 |
|
|
|a (OCoLC)54365173
|
| 035 |
|
|
|z (UtOrBLW)51472
|
| 035 |
|
|
|a 72275
|
| 040 |
|
|
|a DNLM/DLC
|c DLC
|d NLM
|d BAKER
|d YDXCP
|d BTCTA
|d LVB
|d UBA
|d IG#
|d TEX
|d TMV
|d UtOrBLW
|
| 042 |
|
|
|a pcc
|
| 049 |
|
|
|a TMVM
|c 1
|
| 050 |
0 |
0 |
|a RT82.8
|b .A37 2005
|
| 060 |
0 |
0 |
|a 2004 K-441
|
| 060 |
1 |
0 |
|a WY 128
|b A2445 2005
|
| 245 |
0 |
0 |
|a Advanced practice nursing :
|b emphasizing common roles /
|c [edited by] Joan M. Stanley.
|
| 250 |
|
|
|a Second edition.
|
| 264 |
|
1 |
|a Philadelphia :
|b F.A. Davis,
|c [2005]
|
| 264 |
|
4 |
|c ©2005
|
| 300 |
|
|
|a xxxi, 424 pages ;
|c 24 cm.
|
| 336 |
|
|
|a text
|2 rdacontent
|b txt
|
| 337 |
|
|
|a unmediated
|2 rdamedia
|
| 338 |
|
|
|a volume
|2 rdacarrier
|b nc
|
| 504 |
|
|
|a Includes bibliographical references and index.
|
| 650 |
|
0 |
|a Nurse practitioners.
|
| 650 |
|
0 |
|a Midwives.
|
| 650 |
|
0 |
|a Nurse anesthetists.
|
| 650 |
|
2 |
|a Nurse Clinicians.
|
| 650 |
|
2 |
|a Nurse Practitioners.
|
| 650 |
|
2 |
|a Nurse Midwives.
|
| 700 |
1 |
|
|a Stanley, Joan M.
|
| 999 |
|
|
|a MARS
|
| 999 |
f |
f |
|s 0092a94f-43cd-3e93-b42d-2b44c410b8f4
|i 5ed56c58-49a2-3543-a5dd-4935539d819c
|t 0
|
| 952 |
f |
f |
|p ric
|a Texas A&M University
|b Rellis Campus
|c Joint Library Facility
|d Remote Storage
|t 0
|e WY 128 A2445 2005
|h National Library of Medicine classification
|i unmediated -- volume
|m 3238902557001
|
| 998 |
f |
f |
|a WY 128 A2445 2005
|t 0
|l Remote Storage
|